Recuerdos de Tacna y Arica

Salvato in:
Dettagli Bibliografici
Autore principale: Figueroa, Pedro Pablo (Autore)
Natura: Libro
Lingua:spagnolo
Pubblicazione: Santiago Imprenta fiscal de la penitenciaría 1922
Edizione:1a. ed
Soggetti:
Tags: Aggiungi Tag
Nessun Tag, puoi essere il primo ad aggiungerne!!

MARC

LEADER 00000nam a2200000 a 4500
001 UCJ3229
003 CL-VaPUC
008 070124e19220000CL |||||||||||||||||spa|d
082 0 4 |a Ch863  |b FIG  |2 21 
100 0 |a Figueroa, Pedro Pablo  |e author  |9 504749 
245 1 0 |a Recuerdos de Tacna y Arica 
250 |a 1a. ed 
300 |a 175 p 
942 |c BK 
945 |d 20070124 00:00:00  |a rinostro 
260 |a Santiago  |b Imprenta fiscal de la penitenciaría  |c 1922 
500 |a Ilustraciones 
650 7 |a NOVELA HISTORICA CHILENA  |2 CL-VaPUC  |9 329926 
650 0 |a Diplomacia Chilena  |9 447165 
650 7 |a PLEBISCITO DE TACNA Y ARICA  |2 CL-VaPUC  |9 314887 
651 7 |a TACNA  |2 CL-VaPUC  |9 314889 
651 0 |a Arica  |9 309332 
583 |a last modification  |c 20070124 00:00:00  |k Rodrigo Vera 
999 |c 319351  |d 319349 
952 |0 0  |1 0  |4 0  |6 CH_863_000000000000000_FIG_1922  |7 0  |8 X  |9 397660  |a FDOBUD  |b FDOBUD  |d 2019-11-22  |i 1001035  |o Ch863 FIG 1922  |p 1001035  |r 2019-11-22  |w 2019-11-22  |y BK_X  |k BUD